000
00203nam a22000977a 4500
999
_c
12855
_d
12855
020
_a
978-969-9640-41-4
082
_a
324.22
100
_a
Saadia Zaheer
245
_a
Jinnah Se Baba-e-Qaum Tak
942
_c
BK